000 00937nam a22003497a 4500
001 BR9210919
003 BR-BrBNA
005 20230928093746.0
007 ta
008 230509b bl.||||| |||| 00| 0 por d
040 _aBR-BrBNA
_bpor
_cBiblioteca Nacional de Agricultura
041 _a(Por)
072 _aE16; F01
_b/G514
090 _ G514 BR9210919
110 1 _aComissao Estadual de Planejamento Agricola, Fortaleza, CE (Brasil)
_92048
245 1 _aCustos operacionais de producao das principais culturas e consorcios em outubro de 1988
260 3 _aFortaleza, CE (Brasil):
_c1988.
300 _a39 p.
500 _a23 tables
650 _aAlgodao
650 _aMilho
650 _aFeijao
650 _aArroz
650 _aCaju
650 _aMandioca
650 _aMaracuja
650 _aTomate
650 _aCusto de Producao
650 _aCeara
909 _a202309
_bLucia
_c55
_dLucia Elande
942 _cBK
999 _c46929
_d46929